|
|
|
|
| LEADER |
02004nam a2200433 i 4500 |
| 001 |
EBC4427655 |
| 003 |
MiAaPQ |
| 005 |
20200520144314.0 |
| 006 |
m o d | |
| 007 |
cr cnu|||||||| |
| 008 |
170327t20132013enka o 001 0 eng d |
| 020 |
|
|
|z 9781472513632
|
| 020 |
|
|
|a 9781472514837 (e-book)
|
| 035 |
|
|
|a (MiAaPQ)EBC4427655
|
| 035 |
|
|
|a (Au-PeEL)EBL4427655
|
| 035 |
|
|
|a (CaPaEBR)ebr11360738
|
| 035 |
|
|
|a (OCoLC)906117946
|
| 040 |
|
|
|a MiAaPQ
|b eng
|e rda
|e pn
|c MiAaPQ
|d MiAaPQ
|
| 050 |
|
4 |
|a HF1359
|b .R433 2013
|
| 082 |
0 |
|
|a 337
|2 23
|
| 245 |
0 |
4 |
|a The recalcitrant rich :
|b a comparative analysis of the Northern responses to the demands for a new international economic order /
|c edited by Helge Ole Bergesen, Hans-Henrik Holm and Robert D. McKinlay.
|
| 264 |
|
1 |
|a London, [England] :
|b Bloomsbury,
|c 2013.
|
| 264 |
|
4 |
|c 2013
|
| 300 |
|
|
|a 1 online resource (281 pages) :
|b illustrations, tables.
|
| 336 |
|
|
|a text
|2 rdacontent
|
| 337 |
|
|
|a computer
|2 rdamedia
|
| 338 |
|
|
|a online resource
|2 rdacarrier
|
| 490 |
0 |
|
|a Bloomsbury Academic Collections : Economics
|
| 500 |
|
|
|a Includes index.
|
| 588 |
|
|
|a Description based on online resource; title from PDF title page (ebrary, viewed March 22, 2017).
|
| 590 |
|
|
|a Electronic reproduction. Ann Arbor, MI : ProQuest, 2016. Available via World Wide Web. Access may be limited to ProQuest affiliated libraries.
|
| 650 |
|
0 |
|a International economic relations.
|
| 655 |
|
4 |
|a Electronic books.
|
| 700 |
1 |
|
|a Bergesen, Helge Ole,
|e editor.
|
| 700 |
1 |
|
|a Holm, Hans Henrik,
|e editor.
|
| 700 |
1 |
|
|a McKinlay, Robert D.,
|e editor.
|
| 776 |
0 |
8 |
|i Print version:
|t Recalcitrant rich : a comparative analysis of the Northern responses to the demands for a new international economic order.
|d London, [England] : Bloomsbury, c2013
|h x, 266 pages
|k Bloomsbury Academic Collections : Economics
|z 9781472513632
|
| 797 |
2 |
|
|a ProQuest (Firm)
|
| 856 |
4 |
0 |
|u https://ebookcentral.proquest.com/lib/matrademy/detail.action?docID=4427655
|z Click to View
|